Hoover's Masterlist of Major European Companies 1996-1997

Guardado en:
Detalles Bibliográficos
Formato: Libro
Lenguaje:inglés
Publicado: Austin The Reference Press 1996
Edición:1. ed.
Materias:
Etiquetas: Agregar Etiqueta
Sin Etiquetas, Sea el primero en etiquetar este registro!

MARC

LEADER 00000nam a2200000 4500
001 c020132
005 20221205125246.1
020 |a 1-878753-70-3 
041 0 |a eng 
044 |a US 
245 1 0 |a Hoover's Masterlist of Major European Companies 1996-1997 
250 |a 1. ed. 
264 1 |a Austin  |b The Reference Press  |c 1996 
300 |a 271 s. 
610 2 0 |a firmy 
610 2 0 |a spoločnosti obchodné 
610 2 0 |a podnik veľký 
610 2 0 |a Európa